01259nab a2200361 a 450000100060000000300080000600500170001400600190003100700150005000800410006502200140010603500210012004000260014105000210016708000100018808200120019810000210021022200130023124500940024426000420033830000120038031000140039236200260040653301640043265000280059665000270062465000600065165000560071165500320076771000190079985600620081899900170088027895FlNmELB20241216220022.0m o d | cr cn|||||||||201106r2006 cl |||||s|||||||||||spa d a0718-5065 a(OCoLC)955401009 aFlNmELBbspacFlNmELB 4aQA276bA973 2006 a519.204a5192221 aAyala L., Saray. 0aLímite13aLa mente algebraica vs. el cerebro estadísticoh[recurso electronico] /cSaray Ayala L. aArica (Chile) :bRed Límite,c2006. a1-16 p. aSemestral0 aVol. 1, No. 13(2006)- aRecurso electrónico. Santa Fe, Arg.: e-libro, 2015. Disponible vía World Wide Web. El acceso puede estar limitado para las bibliotecas afiliadas a e-libro. 4aMatemática.xGeneral. 4aMathematics.xGeneral. 4aMatemática.xProbabilidad y estadísticas.xGeneral. 4aMathematics.xProbability and statistics.xGeneral. 4aArtículos electrónicos.2 ae-libro, Corp.40uhttps://elibro.net/ereader/politecnicointernacional/12380 c27895d27895